000 00793cam a22002531i 4500
001 6958264
003 EG-ScBUE
005 20260427092320.0
008 730731s1950 enka f 001 0 eng d
035 _a(OCoLC)666190
040 _aDLC
_beng
_erda
_cODaWU
_dOTMC
_dOCoLC
_dDLC
_dEG-ScBUE
082 0 4 _a539.7
_222
_bGLA
100 1 _aGlasstone, Samuel,
_d1897-1986,
_eauthor.
_97121
245 1 0 _aSourcebook on atomic energy /
_cby Samuel Glasstone.
264 1 _aLondon :
_bMacmillan and Co. Limited,
_c1950.
300 _a546 pages :
_billustrations ;
_c24 cm
336 _2rdacontent
_atext
_btxt
337 _aunmediated
_2rdamedia
_bn
338 _avolume
_bnc
_2rdacarrier
500 _aIncludes index.
650 7 _aNuclear energy.
_2BUEsh
_97122
655 _vReading book
942 _2ddc
_cBB
999 _c12083
_d12083